The Theory and Practice of Personnel Management. (Record no. 2073)

MARC details
005 - DATE AND TIME OF LATEST TRANSACTION
control field 20250507090714.0
020 ## - INTERNATIONAL STANDARD BOOK NUMBER
International Standard Book Number 434-90290-X
082 ## - DEWEY DECIMAL CLASSIFICATION NUMBER
Classification number 658.3 CUN
100 ## - MAIN ENTRY--PERSONAL NAME
Author name CUMING, M. W.
245 ## - TITLE STATEMENT
Title The Theory and Practice of Personnel Management.
250 ## - EDITION STATEMENT
Edition statement 3rd Ed
260 ## - PUBLICATION, DISTRIBUTION, ETC.
Place of publication, distribution, etc. London,
Name of publisher, distributor, etc. Heinemann,
Date of publication, distribution, etc. 1977.
300 ## - PHYSICAL DESCRIPTION
Extent Xi, 385p.: ill.; figure
Other physical details Index
Dimensions 20cm.
942 ## - ADDED ENTRY ELEMENTS (KOHA)
Source of classification or shelving scheme Dewey Decimal Classification
Koha item type Books
Holdings
Date last seen Total checkouts Full call number Barcode Cost, replacement price Price effective from Koha item type Lost status Source of classification or shelving scheme Damaged status Not for loan Withdrawn status Home library Current library Shelving location Date acquired Cost, normal purchase price
05/07/2025   658.3 CUN 0000007930 30000.00 05/07/2025 Books   Dewey Decimal Classification       College of Business Education Main Library College of Business Education Main Library General Collection 10/25/1979 10000.00
05/07/2025   658.3 CUN 0000007931 30000.00 05/07/2025 Books   Dewey Decimal Classification       College of Business Education Main Library College of Business Education Main Library General Collection 10/25/1979 10000.00